| 000 | 00766nam a22001817a 4500 | ||
|---|---|---|---|
| 003 | CEME | ||
| 005 | 20210628202649.0 | ||
| 008 | 210122b xxu||||| |||| 00| 0 eng d | ||
| 020 | _a0-470-03255-3 | ||
| 040 | _c. | ||
| 082 | _a621.3824 ULT | ||
| 100 |
_aAllen, Ben,Dohler, Mischa,Okon, Ernest E _960971 |
||
| 245 | _aUltra wideband antennas and propagation for communications, radar and imging | ||
| 260 |
_aNEW YORK _bJOHN WILEY _c2007 |
||
| 300 | _aXXVIII,475 P | ||
| 650 |
_aBROADBAND COMMUNICATION SYSTEMS.ELECTROMAGNETIC THEORY.ANTENNAS FOR UWB COMMUNICATIONS.PROPAGATION MEASUREMENT AND MODELLING FOR UWB COMMUNICATIONS.UWB RADAR IMAGING AND RANGING.ANTENNAS FOR GROUND PENETRATING RADAR.WIDEBAND ANTENNAS FOR BIOMEDICAL IMAGING _960972 |
||
| 942 |
_cBK _2ddc |
||
| 999 |
_c570559 _d570559 |
||